|
|
|
|
| LEADER |
00000cam a2200000 7i4500 |
| 001 |
0000000755 |
| 005 |
20070418093000.0 |
| 008 |
021118s1992 |
| 020 |
|
|
|a 9810037562
|
| 090 |
0 |
0 |
|a HG5797
|b .T349 1992
|
| 100 |
0 |
|
|a Tan, Cheng Leong ,
|e author
|
| 245 |
0 |
0 |
|a Taiwan :
|b business and investment opportunities
|c Tan Cheng Leong, Terence Lim
|
| 260 |
2 |
|
|a Singapore :
|b Cassia Communications ,
|c c1992
|
| 300 |
|
|
|a xi, 253 p. ;
|c 21 cm.
|
| 504 |
|
|
|a Includes index
|
| 650 |
|
0 |
|a Investments, Foreign
|z Taiwan
|
| 651 |
|
0 |
|a Taiwan
|x Economic conditions
|y 1975-
|
| 999 |
|
|
|a 1000001452
|b Book
|c OPEN SHELF (30 DAYS)
|e Gong Badak Campus
|